000 00289nam a22001337a 4500
008 170424b xxu||||| |||| 00| 0 eng d
020 _a9780395918487
041 _aeng
080 _23RD
_a54
100 _a12
101 _aSHM
245 _aPHYSICAL CHEMISTRY
_cLAIDLER
942 _2udc
_cBK
999 _c11614
_d11614